| 000 | 01236nam a2200277 a 4500 | ||
|---|---|---|---|
| 003 | OSt | ||
| 005 | 20230831145303.0 | ||
| 007 | cr ||||||a|c|a | ||
| 008 | 230823s2023 mx a|||fom||| 001 0 spa d | ||
| 040 | _erda | ||
| 100 | 1 |
_9187737 _aFuentes Rosas, Fernanda Galilea |
|
| 245 | 1 | 0 |
_aEvaluación de la precisión de los datos de lluvia de CHIRPS de la Cuenca del Río Laja, Guanajuato, México / _cpor Fernanda Galilea Fuentes Rosas ; director de tesis Laura A. Ibañez Castillo. |
| 264 | 1 |
_aChapingo, México : _bEl autor, _c2023. |
|
| 300 |
_a1 recurso en línea (71 páginas): _btablas, figuras. |
||
| 336 |
_2rdacontent _atexto _btxt |
||
| 337 |
_2rdamedia _acomputadora _bc |
||
| 338 |
_2rdacarrier _arecurso en línea _bcr |
||
| 502 |
_bII _cIrrigación _d2023. _gLIC |
||
| 504 | _aIncluye referencias bibliográficas: páginas 58-59. | ||
| 650 | 4 |
_967326 _aLluvia _xModelos matemáticos |
|
| 650 | 4 |
_967325 _aLluvia _xMedición |
|
| 650 | 4 |
_991358 _aPrecipitación (Meteorología) _zGuanajuato |
|
| 700 | 1 |
_957233 _aIbáñez Castillo, Laura Alicia _eDirector de tesis. |
|
| 856 |
_uhttp://10.13.5.2/tesis/tl/1710765-7_Fuentes-Rosas_FernandaGalilea.pdf _zDESCARGAR PDF |
||
| 942 |
_2Clasificación Universidad Autónoma Chapingo _cTD |
||
| 999 |
_c219096 _d219096 |
||